00652 2200181 4500001002100000005001700021035002400038040001200062082001700074084002700091100001500118245009900133260014400232300003600376650002500412850001200437990002100449YOGYA00000000002239820170428094542.0 0010-081400000022116 aYOPDYOG a305.09598232 aDEP 305.09598232 Sad P aSADELI, M. aPenelitian deskriptif peranan organisasi sosial Kabupaten Gunung Kidul Yogyakartac/ M. Sadeli aYogyakartabDEPSOS RI Badan Penelitian dan Pengembangan Sosial Balai Besar Penelitian dan Pengembangan Pelayanan Kesejahteraan Sosialc1992 axii, 64 hlm.b: ilus.c; 21 cm. aKesejahteraan sosial aYOPDYOG aCB-D.11/1992-643